| 000 | 01786nam0a2200409 i 4500 | ||
|---|---|---|---|
| 001 | RU\NLR\BIBL_A\012829709 | ||
| 005 | 20241102104127.0 | ||
| 010 |
_a9785990766112 _9150 |
||
| 035 | _a(NLR Aleph) 012829709 | ||
| 090 |
_a12353284 _c12353284 |
||
| 100 | _a20220627d2018 u y0rusy50 ca | ||
| 101 | 1 |
_arus _ceng |
|
| 102 | _aRU | ||
| 105 | _ay|||z|||000zy | ||
| 181 | 0 |
_ai4 _baxxe |
|
| 182 | 0 | _an | |
| 200 | 1 |
_aНебесный храм в раннем иудаизме и христианстве _eсборник статей _fпод редакцией Т. Гарсии-Уидобро и А.А. Орлова _gпереводы с английского И.Д. Колбутовой и А.В. Маркова |
|
| 203 |
_aТекст _bвизуальный _cнепосредственный |
||
| 210 |
_aМосква _cИнститут св. Фомы _d2018 |
||
| 215 |
_a302 с. _d22 |
||
| 225 | 1 |
_aХристианская мысль _eтексты и исследования |
|
| 225 | 1 |
_aБиблиотека журнала "Символ" _v7 |
|
| 316 |
_aС автогр. авт. _5NLR |
||
| 320 | _aБиблиогр. в подстроч. примеч. | ||
| 606 | 1 |
_aХрам _jСборники _xБогословская концепция _92290331 _3RU\NLR\AUTH\661371718 |
|
| 606 |
_aКосмология религиозная _jСборники _91408000 _3RU\NLR\AUTH\66593027 |
||
| 686 | 2 | _aЭ37-505я43 | |
| 686 | 1 | _aЭ36-505я43 | |
| 686 | 2 | _aЭ37-422.1я43 | |
| 686 | 1 | _aЭ36-422.1я43 | |
| 702 | 1 |
_4340 _7ca _8rus _aГарсия-Уидобро _bТ. _f1971- _gТомас _9230748 _3RU\NLR\AUTH\770230804 |
|
| 942 | _cBOOK | ||
| 980 | _aNBR | ||